00000000nam 2200000za 4500
0019.647081
003CaOODSP
00520240202110511
007ta
008150407|1998||||xxc|||||     f|0| 0 eng d
020 |a0-662-27165-3
040 |aCaOODSP|beng
043 |an-cn---
0861 |aC89-4/46-1998E
1102 |aAtlantic Canada Opportunities Agency. |bEntrepreneurship Development Directorate.
24510|aOpportunity trails: an Atlantic-wide connection : |bentrepreneurship educator's information guide / |cIssued by the Entrepreneurship Development Directorate.
260 |aMoncton - New Brunswick : |bAtlantic Canada Opportunities Agency. |c1998.
300 |aiii, 50p. : |breferences ; |c28 cm.
500 |a"Intended to improve the ability of educators to identify and access resources which can serve as valuable teaching and learning tools for entrepreneurship educators at all levels."--Page iii.
5203 |aIntended to improve the ability of educators to identify and access resources which can serve as valuable teaching and learning tools for entrepreneurship educators at all levels.--Page iii
563 |aSoftcover
590 |a99-05|b1999-02-05
69007|aTeachers|2gcpds
69007|aEducation|2gcpds
69007|aEntrepreneurship|2gcpds
77508|tL'enseignement entrepreneurial: la filière atlantique : |w(CaOODSP)9.680546
7760#|tOpportunity trails - an Atlantic-wide connection : |w(CaOODSP)9.695218